000 00801nam a2200277 a 4500
001 3771025
003 OSt
005 20140310182740.0
008 840306s1984 ilua b 001 0 eng
010 _a 83081170
020 _a0071210393
040 _aDLC
_cDLC
_dDLC
050 0 0 _aHG 4026
_b.B589 2002
100 1 _aBlock, Stanley B.
245 1 0 _aFoundations of financial management /
_cStanley B. Block, Geoffrey A. Hirt.
250 _a3rd ed.
260 _aHomewood, Ill. :
_bR.D. Irwin,
_c2002.
300 _axvii, 688 p. :
_bcol. ill. ;
_c24 cm.
504 _aIncludes bibliographies and index.
521 _aBSA
650 0 _aCorporations
_xFinance.
700 1 _aHirt, Geoffrey A.
906 _a7
_bcbc
_corignew
_d3
_eopcn
_f19
_gy-gencatlg
942 _2lcc
_cBK
_kFOR
999 _c15544
_d15544